000
00486nam a2200181Ia 4500
008
090124s9999 xx 000 0 und d
082
_b
101757
100
_a
अमरेन्द्र
245
_a
ताई आणि भाऊ
250
_a
1
260
_c
1941
300
_a
115
600
_a
अमरेन्द्र
630
_a
ताई आणि भाऊ
700
_a
अमरेन्द्र
730
_a
ताई आणि भाऊ
942
_c
BOOK
999
_c
147849
_d
147849